000 00732nam a22002297a 4500
003 UA-OsUOA
001 111575
007 ta
008 20150526b un ||||| |||| 00| 0 ukr d
090 _a908(477.81):94(082)
_bП82
942 _cBK
040 _aUA-OsUOA
_bukr
_cUA-OsUOA
_dUA-OsUOA
245 _a"Просвіта" на Волині: минуле і сучасне
_bзбірник наукових статей, документів і матеріалів
_cза ред. В. К. Барана
300 _a196 с.
955 _a1
041 _aukr
080 _a908(477.81):94(082)
020 _a966-600-082-2
260 _aЛуцьк
_bВежа
_c2001
650 7 _a908 Краєзнавство
_2UDC
999 _c397694
_d397694